Profitability may go up in smoke (Record no. 78904)
[ view plain ]
| 000 -LEADER | |
|---|---|
| fixed length control field | 01021cab a22002175a 4500 |
| 001 - CONTROL NUMBER | |
| control field | L138542 |
| 008 - FIXED-LENGTH DATA ELEMENTS--GENERAL INFORMATION | |
| fixed length control field | 070620e20070616xxk 000 0 eng d |
| 035 ## - SYSTEM CONTROL NUMBER | |
| System control number | (Sirsi) u138542 |
| 041 0# - LANGUAGE CODE | |
| Language code of text/sound track or separate title | eng |
| 100 1# - MAIN ENTRY--PERSONAL NAME | |
| Personal name | Mant, Julian |
| 245 00 - TITLE STATEMENT | |
| Title | Profitability may go up in smoke |
| 260 ## - PUBLICATION, DISTRIBUTION, ETC. | |
| Date of publication, distribution, etc. | 2007 |
| 490 ## - SERIES STATEMENT | |
| Series statement | Estates Gazette |
| Volume/sequential designation | (0724) 16 June 2007, 160-162(3) |
| 520 ## - SUMMARY, ETC. | |
| Summary, etc. | Practice and Law article describes the effect of the smoking ban in England, which comes into force on 1 July. Details responsibilities and penalties for smokers and managers. The effects of the legislation on different types of premises are explained. Transport and residential properties are included in the explanations. Measures commonly being taken in public houses are explored in more detail. |
| 590 ## - LOCAL NOTE (RLIN) | |
| Local note | KA |
| 650 24 - SUBJECT ADDED ENTRY--TOPICAL TERM | |
| Topical term or geographic name entry element | HEALTH ACT 2006 |
| 651 #4 - SUBJECT ADDED ENTRY--GEOGRAPHIC NAME | |
| Geographic name | England |
| Chronological subdivision | 886- |
| 690 ## - LOCAL SUBJECT ADDED ENTRY--TOPICAL TERM (OCLC, RLIN) | |
| Topical term or geographic name as entry element | PROPERTY-COMMERCIAL PROPERTY-LEISURE PROPERTY-REFRESHMENT AND CULINARY PROPERTY-LICENSED PROPERTY-LICENSED PREMISES |
| 700 1# - ADDED ENTRY--PERSONAL NAME | |
| Personal name | Routley, Mark |
| 942 ## - ADDED ENTRY ELEMENTS (KOHA) | |
| Suppress in OPAC | 0 |
| Withdrawn status | Lost status | Source of classification or shelving scheme | Damaged status | Not for loan | Home library | Current library | Shelving location | Date acquired | Total Checkouts | Full call number | Barcode | Date last seen | Copy number | Price effective from | Koha item type |
|---|---|---|---|---|---|---|---|---|---|---|---|---|---|---|---|
| Dewey Decimal Classification | London | London | Journal article | 20/06/2007 | L138542 | 138542-1001 | 06/08/2019 | 1 | 06/08/2019 | Journal article |